书目信息 |
| 题名: |
声表面波器件模拟与仿真
|
|
| 作者: | Ken-ya Hashimoto 著 ;王景山 译 | |
| 分册: | ||
| 出版信息: | 北京 国防工业出版社 2002.09 |
|
| 页数: | 14, 350页 | |
| 开本: | 20cm | |
| 丛书名: | 先进通信技术译丛 | |
| 单 册: | ||
| 中图分类: | TN65 | |
| 科图分类: | ||
| 主题词: | 声表面波器件--系统仿真 , 声表面波器件--模拟 | |
| 电子资源: | ||
| ISBN: | 7-118-02823-1 | |
| 000 | 01259nam2 2200301 450 | |
| 001 | 002241285 | |
| 005 | 20050906160223.28 | |
| 010 | @a7-118-02823-1@dCNY22.00 | |
| 100 | @a20030128d2002 emky0chiy0110 ea | |
| 101 | 1 | @achi@cjpn |
| 102 | @aCN@b110000 | |
| 105 | @aa a 000yy | |
| 200 | 1 | @a声表面波器件模拟与仿真@Asheng biao mian bo qi jian mo ni yu fang zhen@d= Surface acoustic wave devices in telecommunications,modelling and simulation@f(日)Ken-ya Hashimoto著@F(ri)Ken-ya Hashimoto zhu@g王景山等译@Gwang jing shan deng yi@zeng |
| 210 | @a北京@c国防工业出版社@d2002.09 | |
| 215 | @a14, 350页@c图@d20cm | |
| 225 | 2 | @a先进通信技术译丛 |
| 305 | @aSpringer出版社授权出版。 | |
| 320 | @a有书目。 | |
| 330 | @a本书详细论述了声表面波器件的原理、设计和模拟仿真,通过理论分析,阐述了声表面波器件中发射栅、叉指换能器、基片材料等各部分的基本理论,介绍了滤波器、谐振器的原理和设计。 | |
| 410 | 0 | @12001 @a先进通信技术译丛 |
| 510 | 1 | @aSurface Acoustic Wave Devices in Telecommunications Modelling and Simulation@zeng |
| 606 | 0 | @a声表面波器件@x系统仿真 |
| 606 | 0 | @a声表面波器件@x模拟 |
| 690 | @aTN65@v4 | |
| 701 | 0 | @aKen-ya Hashimoto@4著 |
| 702 | 0 | @a王景山@Awang jing shan@4译 |
| 801 | 0 | @aCN@bQSSK@c20050906 |
| 905 | @a10447@dTN65@eW236 | |
| 声表面波器件模拟与仿真= Surface acoustic wave devices in telecommunications,modelling and simulation/(日)Ken-ya Hashimoto著/王景山等译.-北京:国防工业出版社,2002.09 |
| 14, 350页:图;20cm.-(先进通信技术译丛) |
| ISBN 7-118-02823-1:CNY22.00 |
| 本书详细论述了声表面波器件的原理、设计和模拟仿真,通过理论分析,阐述了声表面波器件中发射栅、叉指换能器、基片材料等各部分的基本理论,介绍了滤波器、谐振器的原理和设计。 |
| ● |
| 相关链接 |
|
|
|
正题名:声表面波器件模拟与仿真
索取号:TN65/W236
 
预约/预借
| 序号 | 登录号 | 条形码 | 馆藏地/架位号 | 状态 | 备注 |
| 1 | 561625 | 205616252 | 期刊室512/301自科库 21排3列2层/ [索取号:TN65/W236] | 在馆 | |
| 2 | 561626 | 205616261 | 自科库301/301自科库 29排1列1层/ [索取号:TN65/W236] | 在馆 |